[Event "18th ch-EUR Indiv 2017"]
[Site "Minsk BLR"]
[Date "2017.06.10"]
[Round "11.42"]
[White "Kobalia,M"]
[Black "Shomoev,A"]
[Result "1-0"]
[WhiteElo "2624"]
[BlackElo "2550"]

1.e4 c5 2.Nf3 Nc6 3.Bb5 g6 4.Bxc6 bxc6 5.O-O Bg7 6.Re1 Rb8 7.h3 e5 8.c3 Ne7
9.Qa4 Qc7 10.d4 exd4 11.cxd4 cxd4 12.Nxd4 c5 13.Nb5 Qc6 14.N1c3 a6 15.Na7 Qxa4
16.Nxa4 d6 17.Nxc8 Nxc8 18.e5 dxe5 19.Nxc5 Rb6 20.b3 Rc6 21.Ba3 O-O 22.Ne4 Re8
23.Rac1 Na7 24.Red1 f5 25.Rd7 Rxc1+ 26.Bxc1 Nb5 27.Bh6 Bxh6 28.Nf6+ Kf8
29.Nxh7+ Kg8 30.Nf6+ Kf8 31.Nxe8 Kxe8 32.Rb7 Bd2 33.Rb6 Kf7 34.Rxa6 Nd4 35.h4
f4 36.Kf1 e4 37.Ra4 Bc3 38.Rc4 Bb2 39.b4 e3 40.fxe3 fxe3 41.b5 Ke6 42.b6 Kd5
43.Rc8 Ba3 44.b7 e2+ 45.Kf2 Bb4 46.Re8 e1=Q+ 47.Rxe1 Bxe1+ 48.Kxe1 Nc6 49.g4
Kd6 50.h5 Kc7 51.hxg6 Kxb7 52.g7 Ne7 53.Ke2 Kc6 54.a4 Kc5 55.Kd3 {#r} 1-0

[Event "18th ch-EUR Indiv 2017"]
[Site "Minsk BLR"]
[Date "2017.06.10"]
[Round "11.44"]
[White "Fedorchuk,S"]
[Black "Blomqvist,E"]
[Result "1-0"]
[WhiteElo "2621"]
[BlackElo "2546"]

1.e4 c5 2.Nf3 Nc6 3.Bb5 g6 4.Bxc6 bxc6 5.O-O Bg7 6.Re1 Nh6 7.c3 O-O 8.d4 cxd4
9.cxd4 d5 10.e5 f6 11.h3 fxe5 12.Nxe5 Qb6 13.b3 Nf7 14.Bf4 Nd6 15.Be3 Nf5
16.Nc3 Bxe5 17.dxe5 Nxe3 18.fxe3 Be6 19.Na4 Qc7 20.Qd4 Rf5 21.Rac1 Qxe5
22.Qxe5 Rxe5 23.Rxc6 Bd7 24.Ra6 Rc8 25.Rxa7 Bf5 26.b4 Rc2 27.Nc5 h5 28.a4 h4
29.Kh2 d4 30.e4 d3 31.Ra8+ Kg7 32.Rd8 Re2 33.exf5 Rxe1 34.Nxd3 Rd1 35.Nxe5
Rxd8 36.a5 gxf5 37.a6 Rd2 38.a7 Ra2 39.Nc6 e5 40.Na5 {#r} 1-0

[Event "CHN Team Men 2017"]
[Site "Beijing CHN"]
[Date "2017.06.08"]
[Round "3.7"]
[White "Peng,Shunkai"]
[Black "Bao,Q"]
[Result "0-1"]
[WhiteElo "2182"]
[BlackElo "2420"]
[EventType "team"]

1.e4 c5 2.Nf3 Nc6 3.Bb5 g6 4.Bxc6 bxc6 5.O-O Bg7 6.d3 Rb8 7.Nc3 d6 8.h3 e5
9.Qe1 Ne7 10.Nd2 O-O 11.Nc4 f5 12.exf5 Nxf5 13.f4 Nd4 14.Qd1 Be6 15.Ne2 e4
16.Ne3 exd3 17.Qxd3 d5 18.Rb1 Qb6 19.Kh1 Rbe8 20.Ng3 c4 21.Qd1 Bc8 22.c3 Nb5
23.Qf3 Nxc3 24.bxc3 Qxb1 25.Ba3 Qd3 26.Bc5 Rf7 27.h4 d4 28.cxd4 Qxe3 29.Qxe3
{#R} 0-1

[Event "CHN Team Men 2017"]
[Site "Beijing CHN"]
[Date "2017.06.09"]
[Round "4.4"]
[White "Yu Shaoteng"]
[Black "Chu Wei Chao"]
[Result "1-0"]
[WhiteElo "2479"]
[BlackElo "2334"]
[EventType "team"]

1.e4 c5 2.Nf3 Nc6 3.Bb5 g6 4.O-O Bg7 5.Re1 Nf6 6.e5 Nd5 7.Nc3 Nxc3 8.dxc3 O-O
9.Qd5 Qb6 10.a4 a6 11.Bc4 Nd8 12.Qe4 d6 13.Qh4 dxe5 14.Nxe5 Re8 15.a5 Qa7
16.Bg5 Be6 17.Bxe6 Nxe6 18.Nxf7 b5 19.Rxe6 Kxf7 20.Rae1 Kg8 21.Rxe7 Qd7 22.h3
Rxe7 23.Rxe7 Qd1+ 24.Kh2 Qd5 25.Qe4 Qxe4 26.Rxe4 h6 27.Be3 c4 28.Re6 Kf7
29.Rc6 Be5+ 30.g3 Bf6 31.Kg2 h5 32.Kf3 Bd8 33.Bb6 Bg5 34.h4 Bf6 35.Bd4 Bd8
36.Ke4 g5 37.hxg5 Bxg5 38.Kf5 Be7 39.Rc7 {#r} 1-0

[Event "CHN Team Women 2017"]
[Site "Beijing CHN"]
[Date "2017.06.08"]
[Round "3.4"]
[White "Qiu,Mengjie"]
[Black "Liu,Manli"]
[Result "0-1"]
[WhiteElo "2215"]
[BlackElo "2173"]
[EventType "team"]

1.e4 c5 2.Nf3 Nc6 3.Bb5 g6 4.Nc3 Bg7 5.O-O Nf6 6.e5 Ng4 7.Bxc6 dxc6 8.Re1 O-O
9.d3 Nh6 10.Ne4 b6 11.Bf4 Nf5 12.c3 Ba6 13.e6 f6 14.c4 Bh6 15.Bxh6 Nxh6 16.Qa4
Bb7 17.Rad1 Qc7 18.d4 cxd4 19.Rxd4 Rad8 20.c5 b5 21.Qxa7 Rxd4 22.Nxd4 Rd8
23.Nb3 Ng4 24.g3 Ne5 25.Kg2 Nc4 26.Nd6 exd6 27.cxd6 c5+ 28.Kh3 Qc6 29.Rg1 Qd5
30.Qxc5 Qxe6+ 31.g4 Rxd6 32.Qxb5 Rd3+ 33.Rg3 Rxg3+ 34.hxg3 Qe4 35.f3 Qxf3
36.Qxc4+ Kh8 37.g5 Qh1+ 38.Kg4 Qh5+ {#R} 0-1

[Event "18th ch-EUR Indiv 2017"]
[Site "Minsk BLR"]
[Date "2017.06.06"]
[Round "7.62"]
[White "Jurcik,Mari"]
[Black "Maze,S"]
[Result "0-1"]
[WhiteElo "2501"]
[BlackElo "2619"]

1.e4 c5 2.Nf3 Nc6 3.d4 cxd4 4.Nxd4 e5 5.Nb5 a6 6.Nd6+ Bxd6 7.Qxd6 Qf6 8.Qxf6
Nxf6 9.Nc3 Nb4 10.Bd3 d6 11.Bg5 Be6 12.Bxf6 gxf6 13.O-O-O Rc8 14.a3 Na2+
15.Nxa2 Bxa2 16.Rd2 Rg8 17.g3 Be6 18.Kb1 Ke7 19.a4 Rc5 20.Rhd1 Rgc8 21.b3 h6
22.c4 b5 23.axb5 axb5 24.b4 R5c7 25.cxb5 Rc3 26.Rc2 Rb3+ 27.Kc1 Ra8 28.Kd2
Raa3 29.Be2 Rxb4 30.Rc7+ Kf8 31.f3 Rb2+ 32.Ke1 Raa2 33.Bf1 Rf2 34.Rc3 Bh3
35.Bc4 Rab2 36.Rb3 Rbc2 37.Bd3 Ra2 38.Ra1 Rf1+ 39.Bxf1 Rxa1+ 40.Kf2 Rxf1+
41.Ke2 Be6 {#R} 0-1

[Event "18th ch-EUR Indiv 2017"]
[Site "Minsk BLR"]
[Date "2017.06.10"]
[Round "11.16"]
[White "Danin,A"]
[Black "Grachev,B"]
[Result "0-1"]
[WhiteElo "2543"]
[BlackElo "2658"]

1.e4 c5 2.Nf3 Nc6 3.d4 cxd4 4.Nxd4 Qb6 5.Nb3 Nf6 6.Nc3 e6 7.Qe2 Bb4 8.Bd2 O-O
9.a3 Be7 10.f4 d5 11.e5 Nd7 12.Be3 Qc7 13.Nb5 Qd8 14.Qh5 a6 15.N5d4 Nxd4
16.Bxd4 b6 17.Bd3 g6 18.Qe2 Nc5 19.Nd2 f5 20.exf6 Bxf6 21.Be5 Bxe5 22.Qxe5
Nxd3+ 23.cxd3 Rf5 24.Qe3 d4 25.Qe4 Ra7 26.O-O Re7 27.Qa8 Rc7 28.Nc4 b5 29.Ne5
Rf8 30.Rae1 Rc2 31.Qe4 Qb6 32.Nf3 Bb7 33.Qe5 Rf5 34.Qxe6+ Qxe6 35.Rxe6 Rxb2
36.Rb6 Rf7 37.Rf2 Rb1+ 38.Rf1 Rb2 39.Rf2 Rb3 40.Ne5 Re7 41.h4 Rxa3 42.h5 gxh5
43.f5 Bc8 44.Nc6 Rb7 45.Rxb7 Bxb7 46.Nd8 Bd5 47.f6 Rxd3 48.f7+ Kf8 49.Rf5 Bc4
50.Rg5 Rd1+ 51.Kh2 Rf1 52.Rg8+ Ke7 53.Re8+ Kd7 54.f8=Q Rxf8 55.Rxf8 d3 56.Nb7
Kc7 57.Kg3 Kxb7 58.Kf2 a5 59.Ke3 a4 60.Rh8 a3 61.Rxh7+ Kb6 62.Rxh5 a2 63.Rh1
Kc5 64.g4 Kb4 65.g5 Kc3 66.g6 d2 67.Rd1 b4 68.g7 b3 {#R} 0-1

[Event "8th Dolomiti Open 2017"]
[Site "Forni di Sopra ITA"]
[Date "2017.06.11"]
[Round "2.3"]
[White "Herbrechtsmeier,C"]
[Black "Matamoros Franco,C"]
[Result "0-1"]
[WhiteElo "2240"]
[BlackElo "2478"]

1.e4 c5 2.Nf3 Nc6 3.d4 cxd4 4.Nxd4 e5 5.Nb5 d6 6.N1c3 a6 7.Na3 Be7 8.Nd5 Nf6
9.Nxf6+ Bxf6 10.Nc4 O-O 11.Be3 Nd4 12.a4 Be6 13.a5 Rc8 14.Ra4 d5 15.exd5 Bxd5
16.c3 Bc6 17.Ra1 Qe7 18.h4 Rcd8 19.Qb1 Qe6 20.Bg5 Nb3 21.Ra3 Nc5 22.Ne3 Bxg5
23.hxg5 Be4 24.Qa2 Qg6 25.b4 Ne6 26.Bc4 Nf4 27.f3 Bd3 28.Bxd3 Rxd3 29.c4 Rxa3
{#R} 0-1

[Event "10th Mayors Cup Open 2017"]
[Site "Mumbai IND"]
[Date "2017.06.07"]
[Round "6.12"]
[White "Nguyen Duc Hoa"]
[Black "Akash Pc,I"]
[Result "1-0"]
[WhiteElo "2481"]
[BlackElo "2282"]

1.e4 c5 2.Nf3 Nc6 3.d4 cxd4 4.Nxd4 e5 5.Nb5 d6 6.c4 Be7 7.N1c3 a6 8.Na3 f5
9.exf5 Bxf5 10.Bd3 Be6 11.Qh5+ Bf7 12.Qh3 Nf6 13.Nc2 Nd4 14.Nxd4 exd4 15.Nd5
Nxd5 16.cxd5 Qa5+ 17.Bd2 Qxd5 18.O-O Be6 19.Qg3 O-O 20.Rfe1 Bf6 21.Be4 Qb5
22.a4 Qd7 23.Qd3 g6 24.Bh6 Rf7 25.Bxb7 Qxb7 26.Rxe6 Be5 27.Qc4 Qc7 28.Qa2 Qc2
29.f4 Bg7 30.Qd5 Qxb2 31.Qxa8+ Rf8 32.Qd5 Qxa1+ 33.Re1+ {#r} 1-0

[Event "CHN Team Men 2017"]
[Site "Beijing CHN"]
[Date "2017.06.12"]
[Round "7.3"]
[White "Ma Qun"]
[Black "Wan Yunguo"]
[Result "1-0"]
[WhiteElo "2637"]
[BlackElo "2482"]
[EventType "team"]

1.e4 c5 2.Nf3 Nc6 3.d4 cxd4 4.Nxd4 Nf6 5.Nc3 e5 6.Ndb5 d6 7.Bg5 a6 8.Na3 b5
9.Nd5 Be7 10.Bxf6 Bxf6 11.c4 b4 12.Nc2 O-O 13.h4 Rb8 14.b3 a5 15.g3 Be6 16.Bh3
Be7 17.Qd3 Qd7 18.Bg2 Bd8 19.Rd1 Qa7 20.O-O Bb6 21.Nxb6 Qxb6 22.Kh2 Rbd8
23.Bh3 Nb8 24.f4 exf4 25.gxf4 Bxh3 26.Kxh3 Nd7 27.Qxd6 Qb7 28.Rd4 Qc8 29.f5
Nc5 30.Qf4 Rxd4 31.Nxd4 Re8 32.e5 Nd3 33.Qg3 Nxe5 34.Ne6 Ng6 35.h5 fxe6
36.fxg6 e5+ 37.Kh2 Qe6 38.c5 e4 39.Qd6 Qxd6+ 40.cxd6 hxg6 41.hxg6 Rd8 42.Rc1
Kf8 43.Rc6 Ke8 44.Kg3 Kd7 45.Rc7+ Kxd6 46.Rxg7 Ke5 47.Ra7 Rd3+ 48.Kg4 Rd1
49.Rxa5+ Kf6 50.Kf4 Re1 51.Ra6+ Kg7 52.Re6 Re2 53.Rxe4 Rxa2 54.Rxb4 Kxg6
55.Ke5 Kf7 56.Kd6 Rd2+ 57.Kc6 Ke7 58.Rb7+ Kd8 59.Rb8+ Ke7 60.b4 Rd6+ 61.Kc7
Rd7+ 62.Kb6 Rd6+ 63.Ka7 Kd7 64.b5 {#r} 1-0

[Event "12th American Continental"]
[Site "Medellin COL"]
[Date "2017.06.10"]
[Round "1.26"]
[White "Rios,J"]
[Black "Gonzalez,Be CRC"]
[Result "0-1"]
[WhiteElo "2055"]
[BlackElo "2494"]

1.e4 c5 2.Nf3 Nc6 3.d4 cxd4 4.Nxd4 g6 5.Nxc6 bxc6 6.Qd4 Nf6 7.e5 Nd5 8.e6 f6
9.exd7+ Bxd7 10.Bc4 e5 11.Qd1 Be6 12.Qe2 Bg7 13.O-O O-O 14.Nd2 Kh8 15.Nb3 f5
16.Nc5 Bg8 17.Na6 Re8 18.Re1 e4 19.g3 e3 20.fxe3 Nxe3 21.Bxg8 Nxc2 22.Qxc2
Rxe1+ 23.Kf2 Qe7 {#R} 0-1

[Event "8th Dolomiti Open 2017"]
[Site "Forni di Sopra ITA"]
[Date "2017.06.10"]
[Round "1.5"]
[White "Matamoros Franco,C"]
[Black "Loiacono,Leonardo"]
[Result "1-0"]
[WhiteElo "2478"]
[BlackElo "2175"]

1.Nf3 Nf6 2.c4 c5 3.Nc3 Nc6 4.d4 cxd4 5.Nxd4 g6 6.e4 d6 7.Be2 Bg7 8.Be3 O-O
9.O-O Bd7 10.Nc2 Rc8 11.f4 a6 12.Rc1 h5 13.h3 Qa5 14.c5 Rcd8 15.cxd6 exd6
16.Qe1 Rfe8 17.Bf3 Qc7 18.Qf2 Qb8 19.Bb6 Rc8 20.Rcd1 Be6 21.Rfe1 Nd7 22.Be3 b5
23.Nd4 Nxd4 24.Bxd4 Bxd4 25.Rxd4 Nb6 26.f5 {#r} 1-0

[Event "CHN Team Women 2017"]
[Site "Beijing CHN"]
[Date "2017.06.06"]
[Round "1.2"]
[White "Ni,Shiqun"]
[Black "Liu,Manli"]
[Result "1-0"]
[WhiteElo "2436"]
[BlackElo "2173"]
[EventType "team"]

1.e4 c5 2.Nf3 Nc6 3.d4 cxd4 4.Nxd4 g6 5.c4 Bg7 6.Be3 Nf6 7.Nc3 d6 8.Be2 O-O
9.O-O Bd7 10.Qd2 Nxd4 11.Bxd4 Bc6 12.f3 Nd7 13.Be3 Nc5 14.Rab1 a5 15.b3 Qb6
16.Rfc1 Qb4 17.Qb2 Qb6 18.Kh1 Qc7 19.Qd2 b6 20.Bd1 Qb7 21.a3 Nd7 22.b4 axb4
23.axb4 Qb8 24.Bb3 Rc8 25.Nd5 Re8 26.Rd1 Ra7 27.Qf2 Bxd5 28.Rxd5 Qc7 29.h3
Rea8 30.Rdd1 Qb8 31.c5 Ra1 32.Rxa1 Bxa1 33.c6 Ne5 34.b5 Ra3 35.Qc2 Qc8 36.f4
Nf3 37.Qc4 Bf6 38.Qxf7+ Kh8 39.Be6 Qa8 40.c7 Ra1 41.Bc1 {#r} 1-0

[Event "CHN Team Women 2017"]
[Site "Beijing CHN"]
[Date "2017.06.10"]
[Round "5.4"]
[White "Ni,Shiqun"]
[Black "Gu,T"]
[Result "1-0"]
[WhiteElo "2436"]
[BlackElo "2194"]
[EventType "team"]

1.e4 c5 2.Nf3 Nc6 3.d4 cxd4 4.Nxd4 g6 5.c4 Bg7 6.Be3 Nf6 7.Nc3 d6 8.Be2 O-O
9.O-O Nxd4 10.Bxd4 Be6 11.Qd2 Qa5 12.Rfd1 Rfc8 13.b3 a6 14.Qb2 Ne8 15.Bxg7
Nxg7 16.Nd5 Bxd5 17.Rxd5 Qc7 18.Rad1 Rd8 19.Qd2 Rf8 20.Qe3 Rad8 21.Qh6 f5
22.R5d3 fxe4 23.Rh3 Rf6 24.Qxh7+ Kf7 25.Re3 Qc5 26.Qh4 Nf5 27.Qh7+ Ng7 28.Rf1
Qe5 29.Bf3 Rf4 30.Rfe1 exf3 31.Rxe5 dxe5 32.gxf3 Kf6 33.Rxe5 Rd1+ 34.Kg2 Kxe5
35.Qxg7+ Kd6 36.Qxg6+ Kc7 37.h4 Rd6 38.Qg5 Rdf6 39.Qe5+ Kd7 40.Qd5+ Kc7 41.h5
R4f5 42.Qe4 e6 43.Qg4 Kb8 44.Kg3 Rh6 45.f4 Rfxh5 46.Kf3 Rf5 47.Ke4 a5 48.Qg8+
Ka7 49.Qd8 Rhf6 50.Qd6 Ka8 51.a3 Rf7 52.b4 axb4 53.axb4 Ka7 54.c5 Ka8 55.Ke3
Ka7 56.b5 R5f6 57.Qb6+ Kb8 58.Qd8+ Ka7 59.Qa5+ Kb8 60.b6 Rxf4 61.Qa7+ Kc8
62.Qa8+ Kd7 63.Qxb7+ {#r} 1-0

[Event "CHN Team Men 2017"]
[Site "Beijing CHN"]
[Date "2017.06.12"]
[Round "7.5"]
[White "Pang,Tao"]
[Black "Chu Wei Chao"]
[Result "0-1"]
[WhiteElo "2132"]
[BlackElo "2334"]
[EventType "team"]

1.c4 c5 2.Nf3 Nc6 3.d4 cxd4 4.Nxd4 g6 5.e4 Bg7 6.Be3 Nf6 7.Nc3 Ng4 8.Qxg4 Nxd4
9.Qd1 Ne6 10.Qd2 Qa5 11.Rc1 b6 12.Bd3 Bb7 13.O-O O-O 14.b3 Rfe8 15.Rfd1 d6
16.f3 Rac8 17.Bf1 h5 18.Nd5 Qxd2 19.Rxd2 g5 20.g3 g4 21.fxg4 hxg4 22.Be2 Nc5
23.Bxg4 e6 24.Nf4 Nxe4 25.Rdd1 Nf6 26.Be2 Red8 27.Nh5 Nxh5 28.Bxh5 Be4 29.Bd4
f5 30.Kf2 Bxd4+ 31.Rxd4 d5 32.Bf3 e5 33.Rd2 d4 34.Re1 Rf8 35.Kg2 Bxf3+ 36.Kxf3
Rce8 37.g4 e4+ 38.Kg2 d3 39.gxf5 Kg7 40.Kg3 Kf6 41.Kf4 Rh8 42.Rg2 Rh4+ 43.Ke3
Rh3+ 44.Kd2 Kxf5 45.Reg1 Ke5 46.Rg5+ Kf4 47.R5g4+ Kf3 48.R4g3+ Rxg3 49.Rxg3+
Kf4 50.Rg1 Rh8 51.Rg2 Rh3 52.b4 Kf3 53.Rg7 Rxh2+ 54.Kc3 Rc2+ 55.Kb3 Rc1 56.Rd7
Ke2 {#R} 0-1

[Event "18th ch-EUR Indiv 2017"]
[Site "Minsk BLR"]
[Date "2017.06.06"]
[Round "7.28"]
[White "Alekseenko,K"]
[Black "Moiseenko,A1"]
[Result "1-0"]
[WhiteElo "2585"]
[BlackElo "2677"]

1.e4 c5 2.Nf3 e6 3.b3 Nf6 4.e5 Nd5 5.Bb2 Nc6 6.g3 Be7 7.Bg2 O-O 8.O-O d6
9.exd6 Qxd6 10.Na3 Bf6 11.Bxf6 Nxf6 12.Qe2 Rb8 13.Nb5 Qe7 14.Ne5 Nd4 15.Nxd4
cxd4 16.c4 dxc3 17.dxc3 Qc7 18.c4 Nd7 19.f4 Nxe5 20.Qxe5 Qxe5 21.fxe5 Rd8
22.Rad1 Bd7 23.Rf4 Kf8 24.c5 Ke7 25.Rg4 Rdc8 26.b4 a5 27.a3 g6 28.Rd6 axb4
29.axb4 Bc6 30.Rh4 h5 31.Rhd4 Rc7 32.h4 Ra8 33.Bxc6 bxc6 34.Kf2 Rg8 35.Ke3 g5
36.g4 Rh8 37.hxg5 h4 38.Rd2 h3 39.Rh2 Rh7 40.Kf3 Rb7 41.Rxc6 Rxb4 42.g6 Rg7
43.Rc7+ Kf8 44.Rc8+ Ke7 45.Rd2 Rb5 46.Rc7+ Ke8 47.c6 Rb8 48.Rcd7 h2 49.Rxh2
Rb3+ 50.Kf4 Rb4+ 51.Ke3 Rb3+ 52.Kd4 {#r} 1-0

[Event "10th Mayors Cup Open 2017"]
[Site "Mumbai IND"]
[Date "2017.06.11"]
[Round "10.32"]
[White "Kiran,M"]
[Black "Chittal,S"]
[Result "1-0"]
[WhiteElo "2160"]
[BlackElo "2000"]

1.e4 c5 2.Nf3 e6 3.c3 Nf6 4.e5 Nd5 5.g3 d6 6.Bg2 Nc6 7.Qe2 Be7 8.O-O O-O
9.exd6 Qxd6 10.Na3 Bf6 11.d3 b6 12.Nc4 Qc7 13.a4 a6 14.Ne3 Nxe3 15.Bxe3 Bb7
16.Nd2 Rad8 17.Nc4 Rfe8 18.Rfe1 Re7 19.Qc2 Nb8 20.Bf4 e5 21.Nxe5 Bxe5 22.Rxe5
Bxg2 23.Rxe7 Qxe7 24.Kxg2 Nc6 25.Qd1 Qd7 26.Qf3 Ne7 27.a5 b5 28.Be3 Rc8 29.Re1
Nf5 30.Bf4 f6 31.h4 Rd8 32.Rd1 Ne7 33.Re1 Nc6 34.Qh5 f5 35.Re3 g6 36.Qg5 Qf7
37.h5 Rd7 38.hxg6 hxg6 39.g4 Nxa5 40.gxf5 Qxf5 41.Qh6 Rg7 42.Re8+ Kf7 43.Qh8
Qd5+ 44.Kg1 g5 45.Be5 Rh7 46.Qg8# 1-0

[Event "12th Teplice Open 2017"]
[Site "Teplice CZE"]
[Date "2017.06.10"]
[Round "1.1"]
[White "Tsifanskaya,L"]
[Black "Nabaty,T"]
[Result "0-1"]
[WhiteElo "2070"]
[BlackElo "2644"]

1.e4 e6 2.d3 c5 3.Nf3 Nc6 4.g3 d5 5.Nbd2 Bd6 6.Bg2 Nge7 7.O-O O-O 8.Re1 Bc7
9.Nb3 b6 10.c3 Ng6 11.d4 dxe4 12.Ng5 h6 13.Nxe4 cxd4 14.Nf6+ Qxf6 15.Bxc6 Ba6
16.Qf3 Qxf3 17.Bxf3 Rac8 18.Nxd4 Ne5 19.Bg2 Rfd8 20.a4 Bd6 21.Nb5 Nd3 22.Re2
Bc5 23.Be3 Bxe3 24.Rxe3 Nxb2 25.Nxa7 Rc5 26.Nc6 Rd1+ 27.Rxd1 Nxd1 28.Re1 Nxc3
29.Bf3 Nxa4 30.Nb4 Bb5 31.Kg2 Kf8 32.Ra1 Ke7 33.Bd1 Rc4 34.Bxa4 Rxb4 35.Bxb5
Rxb5 36.Ra7+ Kf6 37.Rb7 g5 38.h4 gxh4 39.gxh4 Rb1 {#R} 0-1

[Event "9th Capo d'Orso Open 2017"]
[Site "Porto Mannu Palau ITA"]
[Date "2017.06.07"]
[Round "6.8"]
[White "Santeramo,Alessia"]
[Black "Mantovani,R"]
[Result "0-1"]
[WhiteElo "2043"]
[BlackElo "2319"]

1.e4 c5 2.Nf3 e6 3.b3 b6 4.Bd3 Nf6 5.O-O d6 6.Re1 Be7 7.Bb2 O-O 8.c3 Nc6 9.Bb5
Bd7 10.Na3 Ne5 11.Bxd7 Qxd7 12.Nxe5 dxe5 13.Nc4 Qc7 14.Qf3 b5 15.Na3 a6 16.d3
Rfd8 17.Rad1 Rd7 18.Rd2 Rad8 19.Red1 h6 20.Qe2 Nh7 21.Nc2 Bg5 22.Ne3 g6 23.d4
Nf6 24.f3 cxd4 25.cxd4 Qb6 26.h4 Bf4 27.g3 Bxg3 28.dxe5 Rxd2 29.Rxd2 Rxd2
30.Qxd2 Nh5 31.Qd4 Qa5 32.Qc3 Qd8 33.Qd4 Qxh4 34.Ng4 Bf4 35.Qf2 Qxf2+ 36.Kxf2
Bg5 37.Bd4 Kg7 38.a4 Nf4 39.Bb6 h5 40.Nh2 Nd3+ 41.Kg2 Bf4 42.Bd4 g5 43.Nf1 Kg6
44.Bc3 Nc5 45.axb5 axb5 46.Bd2 Nxb3 47.Bxf4 gxf4 48.Kh3 b4 {#R} 0-1

[Event "9th Capo d'Orso Open 2017"]
[Site "Porto Mannu Palau ITA"]
[Date "2017.06.10"]
[Round "9.6"]
[White "Maier,C"]
[Black "Esposito,L"]
[Result "1-0"]
[WhiteElo "2388"]
[BlackElo "2196"]

1.e4 c5 2.Nf3 e6 3.d3 Nc6 4.g3 Nf6 5.Bg2 Be7 6.O-O O-O 7.c3 d6 8.Re1 Bd7 9.a3
Qc7 10.b4 cxb4 11.axb4 a5 12.b5 Ne5 13.c4 Nxf3+ 14.Qxf3 e5 15.Nc3 Be6 16.h3
Nd7 17.Ba3 Qb8 18.Na4 b6 19.Qe3 Nc5 20.Bb2 Ra7 21.f4 f6 22.Kh2 Kh8 23.Rg1 Rg8
24.Nc3 g5 25.fxg5 fxg5 26.Rgf1 Rf8 27.Nd5 Bxd5 28.exd5 Bf6 29.Rf5 Raf7 30.Raf1
Qe8 31.Bf3 Bg7 32.Bg4 Rxf5 33.Bxf5 Qh5 34.Kg2 Qh6 35.g4 Qf6 36.Rh1 Qd8 37.Bc1
Bf6 38.h4 gxh4 39.Qh6 Qe7 40.g5 Bxg5 41.Bxg5 Rg8 42.Bg6 Qg7 43.Bf6 {#r} 1-0

[Event "Mateu Chalmeta Mem 2017"]
[Site "Sant Boi ESP"]
[Date "2017.06.09"]
[Round "8.5"]
[White "Cruz,Jon"]
[Black "Ros Alonso,Jaume"]
[Result "1-0"]
[WhiteElo "2433"]
[BlackElo "2211"]

1.e4 c5 2.Nf3 e6 3.b3 Nf6 4.e5 Nd5 5.c4 Nc7 6.Bb2 Nc6 7.Bd3 d6 8.exd6 Qxd6
9.Qe2 Bd7 10.O-O O-O-O 11.Nc3 f5 12.Nb5 Nxb5 13.cxb5 Nd4 14.Bxd4 cxd4 15.Rac1+
Kb8 16.Rc4 e5 17.Nxe5 Be6 18.Nc6+ bxc6 19.Rxc6 Qd7 20.Rxe6 g6 21.Ra6 Bc5 22.b4
Bb6 23.a4 Rhe8 24.Qd1 Qe7 25.a5 Bc7 26.b6 axb6 27.Qf3 {#r} 1-0

[Event "CHN Team Men 2017"]
[Site "Beijing CHN"]
[Date "2017.06.06"]
[Round "1.5"]
[White "Liu,Chang"]
[Black "Chen,Baining"]
[Result "1-0"]
[WhiteElo "2345"]
[BlackElo "2053"]
[EventType "team"]

1.e4 c5 2.Nf3 e6 3.g3 Nf6 4.Qe2 Be7 5.Bg2 d6 6.O-O Nc6 7.Rd1 O-O 8.d4 cxd4
9.Nxd4 e5 10.Nb3 Qc7 11.Nc3 a6 12.f4 exf4 13.gxf4 Bg4 14.Bf3 Bxf3 15.Qxf3 Rfe8
16.Be3 b5 17.a3 Rac8 18.Rd2 Bf8 19.Bf2 Nb8 20.Re1 Nbd7 21.Bd4 Qb7 22.Kg2 Re6
23.Rde2 h5 24.Nd5 Nxd5 25.exd5 Rg6+ 26.Kh1 Nb6 27.f5 Rg5 28.Be3 Rg4 29.h3 Rgc4
30.Na5 Qxd5 31.Qxd5 Nxd5 32.Nxc4 Rxc4 33.c3 f6 34.Bd4 Kf7 35.Re4 Ne7 36.Rf1
Nd5 37.Kg2 g5 38.fxg6+ Kxg6 39.Kf3 f5 40.Rg1+ Kf7 41.Rh4 Nf6 42.Rf4 Ke6 43.Rg5
Be7 44.Bxf6 Rxf4+ 45.Kxf4 Bxf6 46.Rxf5 Be5+ 47.Kg5 h4 48.Rf8 Bg3 49.Ra8 {#r}
1-0

[Event "CHN Team Men 2017"]
[Site "Beijing CHN"]
[Date "2017.06.08"]
[Round "3.3"]
[White "Liu,Chang"]
[Black "Zhao,Yuanhe"]
[Result "1-0"]
[WhiteElo "2345"]
[BlackElo "2401"]
[EventType "team"]

1.e4 c5 2.Nf3 e6 3.g3 Nc6 4.Bg2 Nf6 5.Qe2 e5 6.O-O Be7 7.c3 O-O 8.Rd1 d5 9.d3
d4 10.Nbd2 Ne8 11.Ne1 Nd6 12.f4 f6 13.f5 Bd7 14.Nef3 b5 15.g4 Rc8 16.h4 Qb6
17.Kh2 h6 18.Bh3 dxc3 19.bxc3 c4 20.dxc4 Na5 21.g5 hxg5 22.hxg5 Naxc4 23.gxf6
Rxf6 24.Nf1 Bc6 25.Ng3 Kf7 26.Ng5+ Ke8 27.Ne6 g6 28.Rf1 gxf5 29.Ng7+ Kd8
30.N7xf5 Nxf5 31.Nxf5 Rxf5 32.Bxf5 Rb8 33.Qh5 Ne3 34.Bxe3 Qxe3 35.Qh7 Qg5
36.Bh3 Kc7 37.Rf7 Re8 38.Rg1 Qd2+ 39.Rg2 Qd6 40.Rg6 Qa3 41.Re6 Qxa2+ 42.Kg3
Kb6 43.Rfxe7 Rxe7 44.Qxe7 Qd2 45.Rxc6+ Kxc6 46.Qe6+ Qd6 47.Qxd6+ Kxd6 48.Kg4
a5 49.Kf5 a4 50.Kf6 {#r} 1-0

[Event "CHN Team Men 2017"]
[Site "Beijing CHN"]
[Date "2017.06.09"]
[Round "4.4"]
[White "Dai,Changren"]
[Black "Li Shilong"]
[Result "1-0"]
[WhiteElo "2423"]
[BlackElo "2524"]
[EventType "team"]

1.e4 c5 2.Nf3 e6 3.d4 cxd4 4.Nxd4 a6 5.c4 Nf6 6.Nc3 Qc7 7.a3 b6 8.Be3 Bb7 9.f3
Be7 10.Be2 O-O 11.Rc1 d6 12.O-O Nbd7 13.b4 Rac8 14.Qe1 Qb8 15.Qf2 Bd8 16.Rfd1
Bc7 17.g4 g6 18.g5 Nh5 19.f4 Ng7 20.f5 exf5 21.exf5 f6 22.Nd5 Rce8 23.fxg6
fxg5 24.Qg3 hxg6 25.Bxg5 Bd8 26.Rf1 Ne5 27.Bh6 b5 28.Rxf8+ Kxf8 29.Nf5 Bxd5
30.Bxg7+ Kf7 31.cxd5 Rg8 32.Nxd6+ Kxg7 33.Qxe5+ Bf6 34.Rc7+ Qxc7 35.Ne8+ Rxe8
36.Qxc7+ Re7 37.d6 {#r} 1-0

[Event "10th Mayors Cup Open 2017"]
[Site "Mumbai IND"]
[Date "2017.06.11"]
[Round "10.7"]
[White "Sai,KG"]
[Black "Deepan,C"]
[Result "1-0"]
[WhiteElo "2339"]
[BlackElo "2480"]

1.e4 c5 2.Nf3 e6 3.d4 cxd4 4.Nxd4 a6 5.Bd3 Bc5 6.Nb3 Be7 7.O-O d6 8.f4 Nd7
9.Qe1 Ngf6 10.Nc3 Qc7 11.a4 b6 12.Qg3 g6 13.e5 dxe5 14.fxe5 Nh5 15.Qf3 O-O
16.Bh6 Nxe5 17.Qe2 Nxd3 18.cxd3 Bd6 19.g4 Ng7 20.Rac1 Qd8 21.g5 Bb7 22.Ne4 Be7
23.Nf6+ Bxf6 24.gxf6 Nf5 25.Bxf8 Qxf8 26.Rc7 Bd5 27.Nd2 Qd6 28.Rfc1 h5 29.Ne4
Bxe4 30.Qxe4 Rf8 31.R1c3 a5 32.Rc8 Rxc8 33.Rxc8+ Kh7 34.d4 Nxd4 35.Qb7 Qf4
36.Qxf7+ Kh6 37.Rc3 Ne2+ 38.Kg2 Qe4+ 39.Kf2 Nf4 40.h4 Qg2+ 41.Ke3 Nd5+ 42.Kd4
Qg4+ 43.Ke5 Qf5+ 44.Kd6 Qf4+ 45.Kxe6 Qf5+ 46.Kd6 Qxf6+ 47.Qxf6 Nxf6 48.Rb3
{#r} 1-0

[Event "44th OKU 2017"]
[Site "Utrecht NED"]
[Date "2017.06.10"]
[Round "2.2"]
[White "Van Dael,Siem"]
[Black "Horvath,Cs1"]
[Result "0-1"]
[WhiteElo "2233"]
[BlackElo "2503"]

1.e4 c5 2.Nf3 e6 3.d4 cxd4 4.Nxd4 a6 5.Bd3 Bc5 6.Nb3 Be7 7.Qg4 g6 8.Qe2 d6
9.Nc3 Nd7 10.f4 Qc7 11.Be3 Ngf6 12.O-O-O b5 13.g4 b4 14.Nb1 Bb7 15.g5 Nh5
16.Qg4 O-O 17.Nd4 Nc5 18.Rhg1 Nxd3+ 19.Rxd3 Bxe4 20.Nxe6 Qc8 21.Nxf8 Bxd3
22.Qd1 Bf5 {#R} 0-1

[Event "9th Capo d'Orso Open 2017"]
[Site "Porto Mannu Palau ITA"]
[Date "2017.06.09"]
[Round "8.4"]
[White "Calavalle,G"]
[Black "Bischoff,K"]
[Result "0-1"]
[WhiteElo "2253"]
[BlackElo "2504"]

1.e4 c5 2.Nf3 e6 3.d4 cxd4 4.Nxd4 a6 5.Bd3 g6 6.Nc3 Bg7 7.Nde2 Nc6 8.Be3 d5
9.exd5 exd5 10.Bf4 Nf6 11.Qd2 O-O 12.O-O Re8 13.Bg5 d4 14.Na4 Ne5 15.Ng3 Qc7
16.b3 b5 17.Nb2 Qc3 18.Qc1 Nxd3 19.Nxd3 Bb7 20.f3 Nd5 21.Ne4 Qc7 22.Qd2 Rac8
23.Rf2 Qb6 24.b4 Ne3 25.Nec5 h6 26.Bf4 Bd5 27.Re2 g5 28.Bg3 f5 29.f4 Bc4 30.a4
Qg6 31.axb5 Bxb5 32.Rae1 Qf7 33.Kh1 Qd5 34.Rg1 a5 35.Nb3 Rxc2 36.Rxe3 dxe3
37.Qxc2 Bxd3 {#R} 0-1

[Event "12th American Continental"]
[Site "Medellin COL"]
[Date "2017.06.11"]
[Round "2.1"]
[White "Escobar Medina,A"]
[Black "Iturrizaga,E"]
[Result "0-1"]
[WhiteElo "2343"]
[BlackElo "2663"]

1.e4 c5 2.Nf3 e6 3.d4 cxd4 4.Nxd4 a6 5.Nc3 Qc7 6.Be3 Nf6 7.a3 b5 8.Bd3 Bb7
9.Qf3 d6 10.Qg3 Nbd7 11.O-O h5 12.h3 h4 13.Qf3 Be7 14.Nb3 d5 15.Bf4 e5 16.Bh2
dxe4 17.Nxe4 Nd5 18.Ned2 Rc8 19.Rfe1 Nf4 20.Be4 Bxe4 21.Qxe4 Ng6 22.Rac1 O-O
23.c4 b4 24.a4 Bg5 25.Qf5 Bh6 26.c5 Qc6 27.Rc4 Bxd2 28.Nxd2 Qd5 29.Qg5 Nxc5
30.Qe3 Nd3 31.Rec1 {#R} 0-1